| 000 | 00994nam a22002417a 4500 | ||
|---|---|---|---|
| 999 |
_c1266 _d1266 |
||
| 003 | AR-CdUCM | ||
| 008 | 190226b ||||| |||| 00| 0 spa d | ||
| 020 | _a9501254046 | ||
| 040 |
_aMUNICIPALIDAD PROVINCIAL DEL CUSCO _cBIBLIOTECA MUNICIPAL DEL CUSCO |
||
| 082 |
_a321.4 / _bO21 |
||
| 100 |
_aO'Donnell, Guillermo _93409 |
||
| 245 |
_aTransiciones desde un gobierno autoritario : _bConclusiones tentativas sobre las democracias inciertas / |
||
| 260 |
_aArgentina : _bPaidós, _c1988 |
||
| 300 |
_a127 páginas ; _c22 cm. |
||
| 505 | _aNegociación (y renegociación) de pactos -- Resurrección de la sociedad civil (y reestructuración del espacio publico) -- Convocatoria a elecciones (e incitación a los partidos políticos) ... | ||
| 650 |
_aDemocracia _92598 |
||
| 650 |
_aAmérica Latina _91130 |
||
| 650 |
_aAutoritarismo _93456 |
||
| 700 |
_aSchmitter, Philippe C. _94915 |
||
| 700 |
_aLowenthal, Abraham F. (prólogo) _94916 |
||
| 942 |
_2ddc _cLIBROS |
||
| 945 |
_aafb _d2019-02-26 |
||